<?xml version="1.0" encoding="UTF-8"?>
<collection xmlns="http://www.loc.gov/MARC21/slim">
<record>
  <controlfield tag="000">02855ckm\a22004332i\4500</controlfield>
  <controlfield tag="001">128667</controlfield>
  <controlfield tag="005">20251009083224.0</controlfield>
  <controlfield tag="007">ke\ca\</controlfield>
  <controlfield tag="008">021203s1843\\\\enk000\\\\\\\\\\\\an\\\\u</controlfield>
  <datafield tag="035" ind1=" " ind2=" ">
    <subfield code="a">(DCFGES)00700125</subfield>
  </datafield>
  <datafield tag="035" ind1=" " ind2=" ">
    <subfield code="a">128667</subfield>
  </datafield>
  <datafield tag="040" ind1=" " ind2=" ">
    <subfield code="a">DFo</subfield>
    <subfield code="c">DFo</subfield>
    <subfield code="d">UtOrBLW</subfield>
  </datafield>
  <datafield tag="099" ind1=" " ind2=" ">
    <subfield code="a">FPb47</subfield>
  </datafield>
  <datafield tag="100" ind1="1" ind2=" ">
    <subfield code="a">Sully, Thomas,</subfield>
    <subfield code="d">1783-1872,</subfield>
    <subfield code="0">n  83042764,</subfield>
    <subfield code="e">artist.</subfield>
  </datafield>
  <datafield tag="245" ind1="1" ind2="0">
    <subfield code="a">Charlotte Cushman</subfield>
    <subfield code="h">[graphic] /</subfield>
    <subfield code="c">Thomas Sully.</subfield>
  </datafield>
  <datafield tag="260" ind1=" " ind2=" ">
    <subfield code="c">1843.</subfield>
  </datafield>
  <datafield tag="300" ind1=" " ind2=" ">
    <subfield code="a">1 painting :</subfield>
    <subfield code="b">oil on canvas ;</subfield>
    <subfield code="c">20 1/4 x 17 1/4 in. (51.4 x 44 cm) +</subfield>
    <subfield code="e">frame ca.  26.5 x 24 in.</subfield>
  </datafield>
  <datafield tag="336" ind1=" " ind2=" ">
    <subfield code="a">still image</subfield>
    <subfield code="b">sti</subfield>
    <subfield code="2">rdacontent</subfield>
  </datafield>
  <datafield tag="337" ind1=" " ind2=" ">
    <subfield code="a">unmediated</subfield>
    <subfield code="b">n</subfield>
    <subfield code="2">rdamedia</subfield>
  </datafield>
  <datafield tag="340" ind1=" " ind2=" ">
    <subfield code="a">canvas</subfield>
    <subfield code="2">rdamat</subfield>
  </datafield>
  <datafield tag="340" ind1=" " ind2=" ">
    <subfield code="c">oil paint</subfield>
    <subfield code="2">rdamat</subfield>
  </datafield>
  <datafield tag="340" ind1=" " ind2=" ">
    <subfield code="b">20 1/4 x 17 1/4 in. (51.4 x 44 cm)</subfield>
  </datafield>
  <datafield tag="500" ind1=" " ind2=" ">
    <subfield code="a">Title from Pressly.</subfield>
  </datafield>
  <datafield tag="510" ind1="4" ind2=" ">
    <subfield code="a">Pressly, W.L.  Paintings in the Folger Shakespeare Library,</subfield>
    <subfield code="c">125 (Plate 23)</subfield>
  </datafield>
  <datafield tag="530" ind1=" " ind2=" ">
    <subfield code="a">Also available as a digital reproduction.</subfield>
  </datafield>
  <datafield tag="541" ind1="1" ind2=" ">
    <subfield code="a">Gift, Mrs. Victor N. Cushman, 24 September 1936.</subfield>
  </datafield>
  <datafield tag="561" ind1=" " ind2=" ">
    <subfield code="a">Provenance:  Commissioned by Charlotte Cushman; by descent to her nephew and adopted son, Edwin Charles Cushman; by descent to his wife; by descent to their son, Victor N. Cushman; by descent to his wife, who was the daughter of Sen. Joseph Benson Foraker of Ohio.</subfield>
  </datafield>
  <datafield tag="581" ind1=" " ind2=" ">
    <subfield code="a">Leach 1970, p. 133, repr. following p. 178.</subfield>
  </datafield>
  <datafield tag="583" ind1=" " ind2=" ">
    <subfield code="a">Conserved</subfield>
    <subfield code="c">19530000</subfield>
    <subfield code="i">restoration</subfield>
  </datafield>
  <datafield tag="583" ind1=" " ind2=" ">
    <subfield code="a">Conserved</subfield>
    <subfield code="c">19760000</subfield>
    <subfield code="i">restoration</subfield>
  </datafield>
  <datafield tag="583" ind1=" " ind2=" ">
    <subfield code="a">Condition reviewed</subfield>
    <subfield code="l">a brown-paper tape covers the tacking edge, extending 3/16 inch over the front of the painting and 1 1/2 inch over the back of the stretcher.  "Thomas Sully, 1844" is written in pencil on this paper tape in the upper left corner</subfield>
  </datafield>
  <datafield tag="585" ind1=" " ind2=" ">
    <subfield code="a">Exhibited:  Washington, D.C., National Gallery of Art (now National Museum of American Art), National Museum Building, "Exhibition of Early American Paintings, Miniatures and Silver," 5 December 1925-3 January 1926, no. 68; 'As imagination bodies forth...' [paintings] Oct. 28, 1993-Feb. 15, 1994.</subfield>
  </datafield>
  <datafield tag="585" ind1=" " ind2=" ">
    <subfield code="a">Washington, D.C., Folger Shakespeare Library, 2007. Shakespeare in American Life (catalog entry 19)</subfield>
    <subfield code="5">DFo</subfield>
  </datafield>
  <datafield tag="600" ind1="1" ind2="0">
    <subfield code="a">Cushman, Charlotte,</subfield>
    <subfield code="d">1816-1876</subfield>
    <subfield code="0">n  83046004</subfield>
    <subfield code="v">Portraits.</subfield>
    <subfield code="0">sh 99001681 </subfield>
  </datafield>
  <datafield tag="655" ind1=" " ind2="7">
    <subfield code="a">Portrait paintings.</subfield>
    <subfield code="0">tgm008082g</subfield>
    <subfield code="2">gmgpc</subfield>
  </datafield>
  <datafield tag="700" ind1="1" ind2=" ">
    <subfield code="a">Cushman, Edwin Charles,</subfield>
    <subfield code="d">1838-</subfield>
    <subfield code="0">n  98024047,</subfield>
    <subfield code="e">former owner.</subfield>
    <subfield code="5">DFo</subfield>
  </datafield>
  <datafield tag="700" ind1="1" ind2=" ">
    <subfield code="a">Cushman, Louise,</subfield>
    <subfield code="0">no2009006473,</subfield>
    <subfield code="e">former owner.</subfield>
    <subfield code="5">DFo</subfield>
  </datafield>
  <datafield tag="700" ind1="1" ind2=" ">
    <subfield code="a">Cushman, Victor N.,</subfield>
    <subfield code="e">former owner.</subfield>
    <subfield code="5">DFo</subfield>
  </datafield>
  <datafield tag="752" ind1=" " ind2=" ">
    <subfield code="a">Great Britain</subfield>
    <subfield code="b">England.</subfield>
    <subfield code="2">naf</subfield>
  </datafield>
  <datafield tag="852" ind1="8" ind2=" ">
    <subfield code="a">US-DFo</subfield>
    <subfield code="b">DeckC-Rare</subfield>
    <subfield code="h">FPb47</subfield>
    <subfield code="7">230173</subfield>
    <subfield code="j">5055</subfield>
    <subfield code="z">This record contains unverified data from a re-keying contract and may contain incorrect or incomplete text. Please consult Curator for assistance.</subfield>
  </datafield>
  <datafield tag="856" ind1="4" ind2="1">
    <subfield code="u">https://digitalcollections.folger.edu/img8998</subfield>
    <subfield code="z">Digital image(s) of Folger Shakespeare Library FPb47</subfield>
  </datafield>
  <datafield tag="909" ind1="C" ind2="O">
    <subfield code="o">oai:catalog.folger.edu:128667</subfield>
    <subfield code="p">GLOBAL_SET</subfield>
  </datafield>
  <datafield tag="980" ind1=" " ind2=" ">
    <subfield code="a">BIB</subfield>
  </datafield>
  <datafield tag="983" ind1=" " ind2=" ">
    <subfield code="a">Online</subfield>
  </datafield>
  <datafield tag="983" ind1=" " ind2=" ">
    <subfield code="a">Vault</subfield>
  </datafield>
</record>
</collection>